=LDR 00000nam 2200000 4500 =001 INLIS000000000038915 =005 20130612144555 =008 ***********************************ind** =035 ##$$0010-061300000038915 =041 ##$$a ind =082 ##$$a 650.1 =090 ##$$a 650.1, Sya m =100 ##$$a SYARBINI, Amirullah =245 ##$$a Muhammad sebagai bisnisman ulung (Membongkar rahasia sukses bisnis nabi mubammad saw)/Amirulloh syarbini, Haryadi =260 ##$$a 2011 $b Jakarta =300 ##$$a Xviii,162 Hlm, 21 Cm =650 ##$$a BISNIS-SUKSES =700 ##$$a HARYADI, J =850 ##$$a NBPNMAT =990 ##$$a 0001/BPAP-NTB/20142014 =990 ##$$a 0001/BPAP-NTB/2016 =990 ##$$a 1304013040 =990 ##$$a 0001/BPAP-NTB/20142014 =990 ##$$a 0001/BPAP-NTB/2016 =990 ##$$a 01201713040